000 01123nam a2200301 a 4500
001 BRCA_1023
005 20190320203239.0
008 060106s2005 mx-a---##b---#000-0#spa-d
020 _a9687193212
040 _aDLC
_cDLC
041 _aspa
041 _aeng
_hspa
050 4 _aF1231
_b.N63 2005
245 1 0 _aNobles y empresarios del México virreinal = Nobles and Entrepreneurs in Viceregal Mexico
_cElena Horz de Sotomayor dirección editorial ; Michel Zabé, Enrique Macías fotografía ; Debra Nagao traducción y revisión de textos en inglés.
260 _aMéxico
_bSmurfit Cartón y Papel de México
_c2005
300 _a287 p.
_bil. a color
_c33 cm.
500 _aIncluye índice de ilustraciones
504 _aBibliografía : p. 286-287
650 1 4 _aNobleza
_zMéxico
_93364
651 4 _aNueva España
_xVida social y costumbres
_93365
651 4 _aEspaña
_xColonias
_93366
700 1 _aHorz de Sotomayor, Elena
_93367
700 1 _aZabé, Michel
_938
700 1 _aMacías, Enrique
_93368
700 1 _aNagao, Debra
_92576
740 0 _aNobles and Entrepreneurs in Viceregal Mexico
942 _2lcc
_cB
999 _c903
_d903